Gene regulation
Guardat en:
| Autor principal: | |
|---|---|
| Format: | Llibre |
| Idioma: | anglès |
| Publicat: |
Narosa Publishers
2013
|
| Etiquetes: |
Afegir etiqueta
Sense etiquetes, Sigues el primer a etiquetar aquest registre!
|
MARC
| LEADER | 00000nam a22000007a 4500 | ||
|---|---|---|---|
| 008 | 210506b ||||| |||| 00| 0 eng d | ||
| 020 | |a 978-81-8487-265-1 | ||
| 100 | |a MIGLANI, Gurbachan S. | ||
| 245 | |a Gene regulation |c Gurbachan S. Miglani |g x, 474p; ill | ||
| 260 | |b Narosa Publishers |c 2013 |h New Delhi |i 691689 |i 691690 |l QH450 .M59 |m Gene expression – Textbooks. | ||
| 942 | |a lcc |c BK |e Adekanye, I.H. |f 06/05/2021 | ||
| 952 | |0 0 |1 0 |2 lcc |4 0 |6 QH0450 M59 |7 0 |9 2410 |a HOL |b SL |c QZ |d 2021-05-06 |l 0 |o QH450 .M59 |p 2021-6261 |r 2021-05-06 00:00:00 |w 2021-05-06 |y BK | ||
| 952 | |0 0 |1 0 |2 lcc |4 0 |6 QH0450 M59 |7 0 |9 2411 |a HOL |b HOL |c QZ |d 2021-05-06 |l 0 |o QH450 .M59 |p 2021-6262 |r 2021-05-06 00:00:00 |w 2021-05-06 |y BK | ||
| 999 | |c 1253 |d 1253 | ||